Personálne agentúry na slovenskom trhu práce

Salvato in:
Dettagli Bibliografici
Autore principale: Antošová, Mária, 1965-
Altri autori: Eliášová, Miroslava
Natura: Capitolo di libro
Lingua:slovacco
Tags: Aggiungi Tag
Nessun Tag, puoi essere il primo ad aggiungerne!!

MARC

LEADER 00000naa$a2200000$$$4500
001 0308531
005 20250512111136.1
041 0 |a slo 
044 |a SK 
245 1 0 |a Personálne agentúry na slovenskom trhu práce  |c Mária Antošová, Miroslava Eliášová 
100 1 |a Antošová, Mária, 1965- 
700 1 |a Eliášová, Miroslava